Normal view
MARC view
- Drewett, Jim
Entry Personal Name
001 - CONTROL NUMBER
- control field: 7477
003 - CONTROL NUMBER IDENTIFIER
- control field: OSt
005 - DATE AND TIME OF LATEST TRANSACTION
- control field: 20170524084158.0
008 - FIXED-LENGTH DATA ELEMENTS
- fixed length control field: 170524|| aca||aabn | a|a d
040 ## - CATALOGING SOURCE
- Original cataloging agency: OSt
- Transcribing agency: OSt
100 ## - HEADING--PERSONAL NAME
- Personal name: Drewett, Jim
670 ## - SOURCE DATA FOUND
- Source citation: Work cat.: (OSt)0: Drewett, Jim, Memperbaiki teknik bola keranjang /, [200-]

PORTAL AKMAL
E-MEL JKDM
AKMAL2U
G-BAM
u-PUSTAKA